| 000 | 00000nam##2200000za#4500 |
| 001 | 9.570628 |
| 003 | CaOODSP |
| 005 | 20210624182332 |
| 007 | cr ||||||||||| |
| 008 | 150406|2002||||xxc|||||o f|0| 0 eng|d |
| 040 | |aCaOODSP|beng |
| 043 | |an-cn--- |
| 086 | 1 |aC21-24/36-2002E-PDF |
| 110 | 1 |aCanada.|bIndustry Canada. |bMicro-Economic Analysis Directorate. |
| 245 | 10|aForeign direct investment and domestic capital formation / |h[electronic resource]|cby Walid Hejazi and Peter Pauly. |
| 260 | |aOttawa - Ontario : |bIndustry Canada. |cApril 2002. |
| 300 | |a85p.|bgraphs, tables |
| 490 | 1 |aWorking paper series|vNo. 36 |
| 500 | |aThe catalogue number (C21-24/36-2001) and ISBN (0-662-66099-4) for the bilingual print edition have been incorrectly copied in this electronic publication. |
| 504 | |aBibliography. |
| 590 | |a12-12-Supp|b2012-03-28 |
| 720 | 1 |aHejazi, Walid |
| 720 | 1 |aPauly, Peter |
| 775 | 08|tInvestissement étranger direct et formation intérieure de capital / |w(CaOODSP)9.601276 |
| 776 | 0#|tInvestissement étranger direct et formation intérieure de capital / |w(CaOODSP)9.536061 |
| 776 | 0#|tForeign direct investment and domestic capital formation / |w(CaOODSP)9.536060 |
| 830 | #0|aWorking paper series ;|vNo. 36|w(CaOODSP)9.504711 |
| 856 | 40|ahttp://publications.gc.ca|qPDF|s491 KB|uhttps://publications.gc.ca/collections/collection_2011/ic/C21-24-36-2002-eng.pdf|yNo. 36 |